00509cam a22001692 4500001001100000005001700011008004100028020001700069040001500086100002100101245011400122250001400236260003300250300001800283650003500301852000300336000002556620151217155248.0151201s xx 000 0 eng d a0323085496 : aKABUcKABU1 aAckley, Betty J.10aNursing diagnosis handbook :ban evidence-based guide to planning care /cby Betty J. Ackley, Gail B. Ladwig. a10th ed. aMissouri :bElsevier,c2014. axxiii, 887 p. 0aNursing diagnosis.@00001833081